000 00922cab a2200253 4500
001 ABS53041
008 090401t1995 xxu||||| |||| 00| 0 eng d
035 _a(Sirsi) u1510
041 _aeng
100 _aBaum, A.
245 _aOver-rented properties: bond or equity?: a case study of market value, investment worth and actual price.
260 _c1995
350 _a0
490 _aJournal of Property Valuation and Investment
_v13(2) 1995, 31-40(10)
520 _aDescribes an analysis of a City of London office building in 1993. Attempts to show how the pricing process should be affected by a greater understanding of the purchaser`s view.
650 _aCITY OF LONDON
650 _aMARKET VALUE
650 _aOVER-RENTED PROPERTY
650 _aPRICING
690 _aPROPERTY-COMMERCIAL PROPERTY-COMMERCIAL PROPERTY APPRAISAL AND VALUATION
700 _aCrosby, N.
942 _n0
948 _c04/03/1997
999 _c846
_d846